Química ambiental (Registro nro. 15699)
[ vista simple ]
| 000 -Cabecera | |
|---|---|
| Campo de control interno | 01078nam a2200229Ia 4500 |
| 005 - Fecha y hora del registro | |
| control field | 20260408171631.0 |
| 008 - Elementos de Longitud Fija | |
| fixed length control field | 260306t2014||||xx |||||||||||||| ||und|| |
| 041 ## - Idioma | |
| Codigo Idioma | ESP |
| 082 ## - DEWEY y NOTACIÓN INTERNA | |
| Dewey | 577.14 |
| Notación Interna | B16 2014 |
| 100 ## - AUTOR | |
| Autor denominación | Baird, Colin |
| Término de relación | autor |
| 245 #0 - TÍTULO DE MATERIAL BIBLIOGRÁFICO | |
| Título | Química ambiental |
| 260 ## - CIUDAD, EDITORIAL, AÑO | |
| Año | 2014 |
| 300 ## - DESCRIPCIÓN | |
| N° Páginas | xxxi, 776 páginas : |
| Dimensiones | 25 cm. |
| 650 ## - TEMAS | |
| Temas | Generalidades |
| 654 ## - PROGRAMAS | |
| Programa | Dpto. de Ingeniería Ambiental |
| 856 ## - URL - UBICACIÓN | |
| URI/URL: Enlace exacto del recurso | <a href="https://itmsp.museknowledge.com/UCSP?url=https://www.ebooks7-24.com:443/?il=390&pg=1">https://itmsp.museknowledge.com/UCSP?url=https://www.ebooks7-24.com:443/?il=390&pg=1</a> |
| Nota pública: Versión digital | <a href="Véase además: Química ambiental, por Jorge Guillermo Ibáñez Cornejo. Versión digital">Véase además: Química ambiental, por Jorge Guillermo Ibáñez Cornejo. Versión digital</a> |
| 856 ## - URL - UBICACIÓN | |
| URI/URL: Enlace exacto del recurso | <a href="https://0u213vo0k-y-https-ebooks7--24-com.itmsp.museknowledge.com/biblioteca.aspx">https://0u213vo0k-y-https-ebooks7--24-com.itmsp.museknowledge.com/biblioteca.aspx</a> |
| Nota pública: Versión digital | <a href="Véase además: Base de datos Ebook7-24">Véase además: Base de datos Ebook7-24</a> |
| 856 ## - URL - UBICACIÓN | |
| URI/URL: Enlace exacto del recurso | <a href="https://0u20fvo0t-y-https-research-ebsco-com.itmsp.museknowledge.com/c/qxo6us/search">https://0u20fvo0t-y-https-research-ebsco-com.itmsp.museknowledge.com/c/qxo6us/search</a> |
| Nota pública: Versión digital | <a href="Véase además: Base de datos EBSCOhost">Véase además: Base de datos EBSCOhost</a> |
| 856 ## - URL - UBICACIÓN | |
| URI/URL: Enlace exacto del recurso | <a href="https://0u21avo15-y-https-go-gale-com.itmsp.museknowledge.com/ps/start.do?authCount=1&u=ucsp&p=IFME&aty=ip">https://0u21avo15-y-https-go-gale-com.itmsp.museknowledge.com/ps/start.do?authCount=1&u=ucsp&p=IFME&aty=ip</a> |
| Nota pública: Versión digital | <a href="Véase además: Base de datos Gale OneFile Informe Académico">Véase además: Base de datos Gale OneFile Informe Académico</a> |
| 942 ## - ELEMENTOS DE KOHA | |
| Tipo de documento | Libro |
| Nombre del creador | Justo Noguera |
| Código de catalogador | Justo Noguera |
| Esquema de clasificación | Dewey Decimal Classification |
| Codigo completo | Registro | Colección | Copia número | Disponibilidad | Tipo de préstamo | Biblioteca Actual | Procedencia (Biblioteca) | Ubicacón | Fecha Ingreso | Tipo de Adquisición | Date last seen | Total checkouts | Price effective from | Tipo de Item | Estado del Material | Fuente de Clasificación | Damaged status | Withdrawn status | Date last checked out |
|---|---|---|---|---|---|---|---|---|---|---|---|---|---|---|---|---|---|---|---|
| 577.14 B16 2014 | 1021167 | Universidad Católica San Pablo | 1 | Disponible | Disponible | Víctor Andrés Belaunde | Víctor Andrés Belaunde | Segundo piso | 03/06/2026 | Compra | 06/03/2026 | 06/03/2026 | Libro | Bueno | Dewey Decimal Classification | ||||
| 577.14 B16 2014 | 1052541 | Universidad Católica San Pablo | 2 | Disponible | Disponible | Víctor Andrés Belaunde | Víctor Andrés Belaunde | Segundo piso | 03/06/2026 | Compra | 30/03/2026 | 1 | 06/03/2026 | Libro | Bueno | Dewey Decimal Classification | 28/03/2026 |




